|
|
|
|
| LEADER |
00995nab a2200157 i 4500 |
| 001 |
univ55233 |
| 005 |
20200908140729.0 |
| 008 |
200908s2020 hu o 0|| zxx d |
| 040 |
|
|
|a SZTE UnivHistória Repozitórium
|b hun
|
| 041 |
|
|
|a zxx
|
| 245 |
0 |
0 |
|a Megtekinthető a cikkben
|h [elektronikus dokumentum] :
|b Szegedi Tudományegyetem Állam- és Jogtudományi Kar videóban köszönti végzős hallgatóit
|
| 260 |
|
|
|c 2020-08-10
|
| 490 |
0 |
|
|a Delmagyar.hu
|
| 561 |
|
|
|a Egyetemi hirarchívum
|
| 695 |
|
|
|a Járvány - koronavírus, Állam- és Jogtudományi Kar, Görög Márta - intézetvezető egyetemi tanár - dékán, Rendhagyó diploma átadó - videóüzenet, Végzett egyetemi hallgató - Zsurzsa Zsolt
|
| 856 |
4 |
0 |
|u http://univ.bibl.u-szeged.hu/55233/1/Szegedi%20Tudom%C3%A1nyegyetem%20%C3%81llam-%20%C3%A9s%20Jogtudom%C3%A1nyi%20Kar%20vide%C3%B3ban%20k%C3%B6sz%C3%B6nti%20v%C3%A9gz%C5%91s%20hallgat%C3%B3it%20_%20D%C3%89LMAGYAR%20Szeged%2C%20Szeged%20%C3%A9s%20k%C3%B6rny%C3%A9ke.pdf
|z Dokumentum-elérés
|